mysqli: Table './ulib62015/stat_globaluid' is marked as crashed and should be repaired
select id from stat_globaluid where statuid='20260517200400_1344'
mysqli: Table './ulib62015/stat_globaluid' is marked as crashed and should be repaired
DELETE FROM stat_globaluid
WHERE id NOT IN (
SELECT id
FROM (
SELECT id
FROM stat_globaluid
ORDER BY id DESC
LIMIT 100
) foo
);
mysqli: Table './ulib62015/stat_globaluid' is marked as crashed and should be repaired
insert into stat_globaluid set
statuid='20260517200400_1344',
dt='1779023040',
phpself='/ULIB62015/dublinfull.php',
agent='Mozilla/5.0 AppleWebKit/537.36 (KHTML, like Gecko; compatible; ClaudeBot/1.0; +claudebot@anthropic.com)',
yea='2026',
mon='5',
dat='17',
ip='216.73.216.45'
mysqli: Table './ulib62015/stathist_viewbib_bib_type' is marked as crashed and should be repaired
insert into stathist_viewbib_bib_type set
dat='17' ,
mon='05' ,
yea='2026' ,
statuid='20260517200400_1344' ,
head='13399121629' ,
foot='marc' ,
dt='1779023040'
LEADER : 00000nam 2200000uu 4500
001 13399121629
003 ULIB
008 160808s||||||||th 000 0 tha d
099 ^aวจวทก.^bข261ก 2558
100 0 ^aขวัญชนก ทองประพันะธุ์
245 00 ^aการพัฒนาคู่มือคำสั่ง SQL (Structured Query Language)สำหรับจัดทำสถิติรายงานในงานเวชระเบียนจากฐานข้อมูล 43 แฟ้ม ของโรงพยาบาลไทรน้อยจังหวัดนนทบุรี Development Guide SQL commands for the statics reported in Medical record export 43 files structure of Sainoi Hospital/^bขวัญชนก ทองประพันะธุ์/^cฐิตาพร จันทร์ขาว/^dนงพะงา เขียวขำ/^eผกามาศ จาบทอง/^fลือชา ศักดิ์ศรีกรม/^gวรรณวิภา เกิดปรี/^hวราวุฒิ ทองมรศรี
650 0 ^aการพัฒนาคู่มือคำสั่ง SQL (Structured Query Language)สำหรับจัดทำสถิติรายงานในงานเวชระเบียนจากฐานข้อมูล 43 แฟ้ม ของโรงพยาบาลไทรน้อยจังหวัดนนทบุรี Development Guide SQL commands for the statics reported in Medical record export 43 files structure of Sainoi Hospital^xวิทยาลัยเทคโนโลยีทางการแพทย์และสาธารณสุข กาญจนาภิเษก.^y